Surat dari desa
| Main Author: | |
|---|---|
| Format: | Book |
| Published: |
Pulau Pinang :
persatuan pengguna Pulau Pinang ,
1990
|
| Subjects: |
MARC
| LEADER | 00000cam a2200000 7i4500 | ||
|---|---|---|---|
| 001 | 0000030716 | ||
| 005 | 20021119093000.0 | ||
| 008 | 021119n | ||
| 020 | |a 967995059X | ||
| 090 | 0 | 0 | |a HN700.6 |b .B3 1990 |
| 100 | 0 | |a Baharin Ramly , |e author | |
| 245 | 0 | 0 | |a Surat dari desa |c Budi Rusindah |
| 260 | 2 | |a Pulau Pinang : |b persatuan pengguna Pulau Pinang , |c 1990 | |
| 300 | |a 182 ms. ; ; |c 22 sm. | ||
| 650 | 0 | |a Malaysia |x Rural conditions | |
| 999 | |a 1000057224 |b Book |c OPEN SHELF (30 DAYS) |e Gong Badak Campus | ||